000 00625nam a22002052 4500
001 0000012695
005 20151021151123.0
008 090311s xx 000 0 eng d
020 _a9966951415 :
040 _aKABU
_cKABU
100 1 _aNowrojee, Pheroze.
_@0000169591
245 1 0 _aPio Gama Pinto :
_bpatriot for social justice /
_cPheroze Nowrojee.
250 _a1st ed.
260 _aNairobi :
_bLonghorn,
_c2007.
300 _avi, 65 p.
600 1 0 _aPinto, Pio Gama,
_d1927 - 1965.
_@0000169592
852 1 _9p210 KES
908 _a090311
950 _@1
999 _c875
_d875